Island Possession Quiz Stats

 Plays Quiz not verified by Sporcle

Challenge
Share
Tweet
Embed
Score 0/20 Timer 10:00
0 Plays Today
Island Country % Correct
GreenlandDenmark
100%
Great BritainUnited Kingdom
98.3%
Baffin IslandCanada
96.7%
SumatraIndonesia
96.7%
HonshuJapan
96.7%
South IslandNew Zealand
95%
SicilyItaly
92%
CorsicaFrance
92%
LuzonPhilippines
89.3%
Galapagos IslandsEcuador
88%
Island Country % Correct
CreteGreece
88%
SakhalinRussia
85.1%
PalmaSpain
84%
MauiUnited States of America
84%
ZanzibarTanzania
84%
SpitsbergenNorway
80%
HainanChina
80%
Fernando de NoronhaBrazil
68%
SocotraYemen
60%
PicoPortugal
44%

You're not logged in!

Compare scores with friends on all Sporcle quizzes.
OR
Log In

You Might Also Like...

Show Comments

Extras

Top Quizzes Today


Score Distribution

Your Account Isn't Verified!

In order to create a playlist on Sporcle, you need to verify the email address you used during registration. Go to your Sporcle Settings to finish the process.

Report this User

Report this user for behavior that violates our Community Guidelines.

Details: